<?xml version="1.0" encoding="UTF-8"?>
<record
    xmlns:xsi="http://www.w3.org/2001/XMLSchema-instance"
    xsi:schemaLocation="http://www.loc.gov/MARC21/slim http://www.loc.gov/standards/marcxml/schema/MARC21slim.xsd"
    xmlns="http://www.loc.gov/MARC21/slim">

  <leader>00883cam a22002411  4500</leader>
  <controlfield tag="001">he 67000466 </controlfield>
  <controlfield tag="003">DLC</controlfield>
  <controlfield tag="005">20260227111444.0</controlfield>
  <controlfield tag="008">841015s1966    is            000 0 heb  </controlfield>
  <datafield tag="010" ind1=" " ind2=" ">
    <subfield code="a">he 67000466 </subfield>
  </datafield>
  <datafield tag="035" ind1=" " ind2=" ">
    <subfield code="a">(OCoLC)19208507</subfield>
  </datafield>
  <datafield tag="040" ind1=" " ind2=" ">
    <subfield code="a">DLC</subfield>
    <subfield code="c">MH</subfield>
    <subfield code="d">DLC</subfield>
  </datafield>
  <datafield tag="042" ind1=" " ind2=" ">
    <subfield code="a">premarc</subfield>
  </datafield>
  <datafield tag="050" ind1="0" ind2="0">
    <subfield code="a">DS126.6.S4</subfield>
    <subfield code="b">I8</subfield>
  </datafield>
  <datafield tag="110" ind1="1" ind2=" ">
    <subfield code="a">Israel.</subfield>
    <subfield code="b">Mi&#x15B;rad ha-&#x1E25;inukh &#x1E7F;eha-tarbut.</subfield>
  </datafield>
  <datafield tag="245" ind1="1" ind2="0">
    <subfield code="a">Yal&#x1E33;u&#x1E6D; Sharet :</subfield>
    <subfield code="b">&#x1E25;omar &#x2BB;ezer li-she&#x2BB;at ha-me&#x1E25;anekh.</subfield>
  </datafield>
  <datafield tag="260" ind1=" " ind2=" ">
    <subfield code="a">Jerusalem :</subfield>
    <subfield code="b">Mi&#x15B;rad ha-&#x1E25;inukh &#x1E7F;eha-tarbut, ha-Ye&#x1E25;idah le-&#x1E25;inukh &#x1E25;evrati be-vate ha-sefer ha-&#x2BB;al yesodiyim, :</subfield>
    <subfield code="b">ha-Histadrut ha-Tsiyonit ha-&#x2BB;olamit, Ma&#x1E25;le&#x1E33;et ha-hasbarah,</subfield>
    <subfield code="c">726 [1966]</subfield>
  </datafield>
  <datafield tag="300" ind1=" " ind2=" ">
    <subfield code="a">39 p. ;</subfield>
    <subfield code="c">24 cm.</subfield>
  </datafield>
  <datafield tag="500" ind1=" " ind2=" ">
    <subfield code="a">Cover title.</subfield>
  </datafield>
  <datafield tag="600" ind1="1" ind2="0">
    <subfield code="a">Sharett, Moshe,</subfield>
    <subfield code="d">1894-1965.</subfield>
  </datafield>
  <datafield tag="710" ind1="2" ind2=" ">
    <subfield code="a">World Zionist Organization.</subfield>
    <subfield code="b">Information Department.</subfield>
  </datafield>
  <datafield tag="752" ind1=" " ind2=" ">
    <subfield code="a">Israel</subfield>
    <subfield code="d">Jerusalem</subfield>
  </datafield>
  <datafield tag="999" ind1=" " ind2=" ">
    <subfield code="c">32209</subfield>
    <subfield code="d">32209</subfield>
  </datafield>
</record>
